Podstata agrárních úvěrů ve státech Evropské unie

Agrárne úverové systémy v Európskej únii a špecifické podmienky, ktoré sa v týchto systémoch uplatňujú. Základné charakteristiky úverových systémov v jednotlivých krajinách EÚ.

Guardado en:
Detalles Bibliográficos
Formato: Capítulo de libro
Lenguaje:checo
Materias:
Etiquetas: Agregar Etiqueta
Sin Etiquetas, Sea el primero en etiquetar este registro!

MARC

LEADER 00000naa a2200000 4500
001 r016460
005 20221205103325.3
041 0 |a cze 
044 |a CZ 
245 1 0 |a Podstata agrárních úvěrů ve státech Evropské unie 
520 |a Agrárne úverové systémy v Európskej únii a špecifické podmienky, ktoré sa v týchto systémoch uplatňujú. Základné charakteristiky úverových systémov v jednotlivých krajinách EÚ. 
610 2 0 |a úver poľnohospodársky 
610 2 0 |a Európska únia 
610 2 0 |a informácie 
610 2 0 |a západná Európa 
610 2 0 |a banky 
610 2 0 |a trh 
610 2 0 |a dohľad bankový 
610 2 0 |a ústavy úverové